000 00579 a2200205 4500
999 _c32203
_d32203
003 OSt
005 20260216105051.0
008 260216b ||||| |||| 00| 0 eng d
020 _a9781260597868
040 _c.
082 _a621.381
_bT6464
100 _96601
_aTokheim, Roger
245 _aDigital Electronics: Principles and Application /
_cRoger Tokheim and Patrick E. Hoppe
250 _a9th ed.
260 _bMcGraw Hill Higher Education
_aNew York :
_c2022.
300 _a576 p.
650 0 _927
_aElectronics
700 _96602
_aHoppe, Patrick E.
942 _2ddc
_cBK